000 00307nam a2200121Ia 4500
008 190723s9999 xx 000 0 und d
020 _a978-0-19-906898-2
100 _aTaymoor Soomro
245 4 _aThe Contract Law of Pakistan
260 _aKarachi
_bOxford Uni Press
_c2015
300 _a366.:p
942 _cBK
999 _c1724
_d1724